000
00292nam a2200109Ia 4500
008
200302s9999 xx 000 0 und d
100
_a
Phyllis Richardson
245
_a
Hosue Plus : Imaginative Ideas For Extending Your Home
260
_b
Thams and Hudson Ltd.,
260
_c
2005
300
_a
272
999
_c
4706
_d
4706